000 00898nam a22002778a 4500
001 015516770
003 OSt
005 20150112134558.0
008 100319r20102007xxkdk fr2b f001 0 eng d
020 _a9780521137096 (pbk.)
020 _a0521137098 (pbk.)
040 _aStDuBDS
_beng
_cStDuBDS
_dEG-ScBUE
082 0 0 _a621.384
_222
_bMIM
245 0 0 _aMIMO wireless communications /
_cEzio Biglieri ... [et al.]
250 _a1st ed.,
_breprinted
260 _aCambridge, United Kingdom ;
_aNew York, United States :
_bCambridge University Press,
_c2007
300 _axvii, 323 p. :
_bcharts, forms ;
_c25 cm.
500 _aReprint of the 2007 ed.
500 _aIndex : p. 315-323.
504 _aBibliography : p. 289-314.
650 0 _aMIMO systems
_923368
653 _bENGELC
_cJanuary2015
655 _vreading book
_934232
700 1 _aBiglieri, Ezio
_937106
942 _2ddc
_k621.384 MIM
999 _c18855
_d18827